Welcome to CU Library Online Public Access Catalogue (OPAC)

CHARISMATIC CHAOS (Record no. 6596)

MARC details
000 -LEADER
fixed length control field 00335nam a22001457a 4500
005 - DATE AND TIME OF LATEST TRANSACTION
control field 20250619134618.0
008 - FIXED-LENGTH DATA ELEMENTS--GENERAL INFORMATION
fixed length control field 4
020 ## - INTERNATIONAL STANDARD BOOK NUMBER
International Standard Book Number 9781594520198
050 ## - LIBRARY OF CONGRESS CALL NUMBER
Classification number BR1644
Item number .M269 MAC
100 ## - MAIN ENTRY--PERSONAL NAME
Personal name MACARTHUR, F. JOHN
245 ## - TITLE STATEMENT
Title CHARISMATIC CHAOS
260 ## - PUBLICATION, DISTRIBUTION, ETC.
Place of publication, distribution, etc. MICHIGAN
Name of publisher, distributor, etc. OASIS INTERNATIONAL LTD.
Date of publication, distribution, etc. c1992
300 ## - PHYSICAL DESCRIPTION
Extent 308p
942 ## - ADDED ENTRY ELEMENTS (KOHA)
Source of classification or shelving scheme Library of Congress Classification
Koha item type Books
Suppress in OPAC No
999 ## -
-- 6596
-- 6596
Holdings
Withdrawn status Lost status Source of classification or shelving scheme Damaged status Not for loan Collection Home library Current library Shelving location Date acquired Total checkouts Full call number Barcode Date last seen Copy number Price effective from Koha item type
    Library of Congress Classification     Non-fiction Undergraduate Library (Christ Temple) Undergraduate Library (Christ Temple) General stacks 06/19/2025   BR1644.M269 MAC ulct00003451 06/19/2025 1 06/19/2025 Books
    Library of Congress Classification     Non-fiction Undergraduate Library (Christ Temple) Undergraduate Library (Christ Temple) General stacks 06/19/2025   BR1644.M269 MAC ulct00003452 06/19/2025 2 06/19/2025 Books
© 2023-2024 Copyright: Central University Libraries. All Rights Reserved | Created by: Mahone Tech Office